000 00892nam a22001457a 4500
999 _c523837
_d523837
008 231005b ||||| |||| 00| 0 eng d
100 _aPurewal, Alaya and Madhavan, MR
_944056
245 _aParliamentary committees: Strengthening the scope and role
260 _aYojana
300 _a 67(9), Sep, 2023: p.17-21
520 _aParliamentary committees serve an important role in scrutinizing the work of the government and improving the quality of bills brought before parliamentary. The effectiveness of parliamentary committees is crucial to effective functioning of parliament. Reports submitted by the committees allow for informed debate in the parliament. additionally, committees provide a forum to build consensus across party lines, develop subject expertise and consult with experts and stakeholders. – Reproduced
773 _aYojana
906 _aPARLIAMENT
942 _cAR